00223nam a2200097Ia 4500008004100000041001200041100001900053245004100072260000600113650000600119221030s9999 xx 000 0 und d aEnglish aY. P. Kanetkar 0aLet Us C Solutioncby Y. P. Kanetkar c0 aB